Чтения памяти Владимира Яковлевича Леванидова, Владивосток, 20-22 марта 2001 г. (Запись № 65614)

Подробности
000 -МАРКЕР
контрольное поле 01982nam1a2200325 i 4500
001 - ИДЕНТИФИКАТОР ЗАПИСИ
контрольное поле RU\NLR\bibl\320685
005 - ИДЕНТИФИКАТОР ВЕРСИИ
контрольное поле 20260407080033.0
035 ## - ДРУГИЕ СИСТЕМНЫЕ НОМЕРА
Идентификатор записи (NLR Aleph) 000315729
100 ## - ДАННЫЕ ОБЩЕЙ ОБРАБОТКИ
Данные общей обработки 20021016g20019999k y0rusy50 ca
101 0# - ЯЗЫК РЕСУРСА
Язык текста, звукозаписи и т.д. русский
102 ## - СТРАНА ПУБЛИКАЦИИ ИЛИ ПРОИЗВОДСТВА
Страна публикации Российская Федерация
105 ## - ПОЛЕ КОДИРОВАННЫХ ДАННЫХ: ТЕКСТОВЫЕ МАТЕРИАЛЫ, МОНОГРАФИЧЕСКИЕ
Кодированные данные о монографическом текстовом документе a |||||||||
200 1# - ЗАГЛАВИЕ И СВЕДЕНИЯ ОБ ОТВЕТСТВЕННОСТИ
Основное заглавие Чтения памяти Владимира Яковлевича Леванидова, Владивосток, 20-22 марта 2001 г.
Параллельное заглавие Vladimir Ya. Levanidov's biennial memorial meetings, Vladivostok, March 20-22, 2001
Язык параллельного заглавия английский
210 ## - ПУБЛИКАЦИЯ, РАСПРОСТРАНЕНИЕ И ДР.
Место издания, распространения и т.д. Владивосток
Имя издателя, распространителя и т. д. Дальнаука
Дата издания, распространения и т.д. 2001
215 ## - ФИЗИЧЕСКАЯ ХАРАКТЕРИСТИКА
Размеры 26
300 ## - ОБЩИЕ ПРИМЕЧАНИЯ
Текст примечания В надзаг.: Рос. акад. наук. Дальневост. отд-ние, Совет по пробл. экологии и чрезвычайн. ситуациям "Экология Дал. Востока и прилегающих морей", Биол.-почв. ин-т, Тихоокеан. ин-т рыб. хоз-ва и океанографии (ТИНТО-Центр, СахНИРО)
463 #0 - УРОВЕНЬ ФИЗИЧЕСКОЙ ЕДИНИЦЫ
Встроенное поле 001308535
510 0# - ПАРАЛЛЕЛЬНОЕ ЗАГЛАВИЕ
Параллельное заглавие Vladimir Ya. Levanidov's biennial memorial meetings, Vladivostok,March 20-22, 2001
Язык заглавия английский
600 #1 - ИМЯ ЛИЦА КАК ПРЕДМЕТ
Начальный элемент ввода Леванидов
Часть имени, кроме начального элемента ввода В. Я.
Даты 1913-1981
Расширение инициалов личного имени Владимир Яковлевич
Код системы psbo
600 #1 - ИМЯ ЛИЦА КАК ПРЕДМЕТ
Начальный элемент ввода Леванидов
Часть имени, кроме начального элемента ввода В.Я.
Даты 1913 - 1981
Расширение инициалов личного имени Владимир Яковлевич
Системный номер авторитетной/нормативной записи 2262992
Идентификатор авторитетной/нормативной записи RU\NLR\auth\661356731
606 0# - НАИМЕНОВАНИЕ ТЕМЫ КАК ПРЕДМЕТ
Наименование темы Гидробиологические исследования
Формальный подзаголовок Съезды, совещания и т.п.
Географический подзаголовок Дальний Восток Российской Федерации
Системный номер авторитетной/нормативной записи 2332264
Идентификатор авторитетной/нормативной записи RU\NLR\auth\661394602
686 ## - ИНДЕКСЫ ДРУГИХ КЛАССИФИКАЦИЙ
Индекс Е082д(2)Леванидов
686 ## - ИНДЕКСЫ ДРУГИХ КЛАССИФИКАЦИЙ
Индекс Е082.5(2Р55)я431(2)
710 12 - НАИМЕНОВАНИЕ ОРГАНИЗАЦИИ - ПЕРВИЧНАЯ ОТВЕТСТВЕННОСТЬ
Начальный элемент ввода Чтения памяти В. Я. Леванидова
Порядковый номер временной организации и / или порядковый номер ее части 1
Дата проведения временной организации 2001
Место проведения временной организации Владивосток
Идентификатор авторитетной/нормативной записи RU\NLR\AUTH\8810040330
Системный номер авторитетной/нормативной записи 579752
801 #0 - ИСТОЧНИК ЗАПИСИ
Страна Российская Федерация
Организация NLR
Дата составления 20021016
Правила каталогизации PSBO
801 #1 - ИСТОЧНИК ЗАПИСИ
Страна Российская Федерация
Организация NLR
Дата составления 20021016
852 ## - МЕСТОНАХОЖДЕНИЕ И ШИФР ХРАНЕНИЯ
Идентификатор организации NLR
Шифр хранения (Call Number) 2002-7/3715
942 ## - ДОПОЛНИТЕЛЬНЫЕ ЭЛЕМЕНТЫ ЗАПИСИ (АБИС)
Тип экземпляра АБИС Книга

Нет доступных экземпляров.